000 00754cam a22002411 4500
001 7407981
003 OSt
005 20250702164924.0
008 800211s1942 ck ac 000 0 spa
035 _a(OCoLC)5969841
040 _aDLC
_cCO-JMCR
041 0 _aspa
050 0 0 _aPQ1170.S7
_bL6
082 0 4 _aA-P
_bLOPv
_223
100 2 _aLópez Narváez, Carlos,
_etr
_99626
245 1 3 _aLa voz en el eco /
_cCarlos Lopez Narvaez ; ilustraciones Gerardo Reichel-Dolmatoff
250 _aSegunda edición.
260 _aBogotá:
_bBiblioteca nacional,
_c1996.
300 _a127 páginas :
_bilustraciones, retrato a blanco y negro ;
_c22 cm.
650 2 4 _aPoesía francesa
_97738
650 2 4 _aLópez Narváez, Carlos,
_y1897-
_99627
942 _2ddc
_cBK
999 _c6813
_d6813